| 000 | 00874cam a2200253 a 4500 | ||
|---|---|---|---|
| 001 | 000019614 | ||
| 005 | 20200929170058.0 | ||
| 008 | 770822s1963 sp 001 p spa d | ||
| 040 |
_aDO-SdBNP _bspa _cLC _dBNPHU |
||
| 082 |
_a861.62 _bC448m |
||
| 100 | 1 |
_aChamizo, Luis, _d1894-1945 _942054 |
|
| 245 | 1 | 3 |
_aEl miajón de los castúos : _brapsodias extremeñas / _cLuis Chamizo ; prólogo de J. Ortega Munilla. |
| 260 |
_aMadrid : _bEspasa-Calpe, _c1963. |
||
| 300 |
_a158, [16] p. ; _c18 cm. |
||
| 490 | 1 |
_aAustral. Violeta: teatro y poesía _v1269 |
|
| 500 | _aIncluye notas al pie de las páginas. | ||
| 650 | 4 |
_aPoesía española _9631 |
|
| 650 | 4 |
_aLiteratura española _9632 |
|
| 700 | 1 |
_aOrtega Munilla, J., _epról. _942055 |
|
| 830 | 0 |
_aAustral. _pVioleta: teatro y poesía _v1269 _939559 |
|
| 910 | _aCatalogación derivada / LC | ||
| 910 | _aWM | ||
| 049 | _aBNGR | ||
| 999 |
_c19130 _d19130 |
||